000 00636nam a2200205Ia 4500
005 20250508165548.0
008 008 250505s9999 xx 000 0 eng d
020 _a978-93-82993-96-4
037 _aTextual
040 _aFEDL
_beng
_cFEDL
041 _aeng
_2eng
084 _a370.19, LAD
_qFEDL
100 _aLaDousa Chaise
_9781176
245 0 _aHindi is our ground, english in our sky: Education, language and social class in contemporary India
260 _aNew Delhi, India
_bFoundation Books
_c2014
300 _axix, 215p.
365 _aINR
_b495
942 _cTEXL
_h370.19, LAD
999 _c1395876
_d1395876